| 000 | 00615nam a2200181 a 4500 | ||
|---|---|---|---|
| 001 | 000015798 | ||
| 005 | 20200929164145.0 | ||
| 008 | 100218s1945 dr r 000 0 spa d | ||
| 040 |
_aDO-SdBNP _bspa _cBNPHU |
||
| 082 |
_axxxx _bA451b |
||
| 100 | 1 |
_aAlmoina, José _935557 |
|
| 245 | 1 | 3 |
_aLa biblioteca erasmita de Diego Méndez / _cJosé Almoina. |
| 260 |
_aCiudad Trujillo : _bUniversidad de Santo Domingo, _c1945. |
||
| 300 |
_a149 p. ; _c26 cm. |
||
| 500 | _aIncluye índice de nombres y lugares | ||
| 500 | _aIncluye referencias bibliográficas y notas al pie de las páginas | ||
| 590 | _aInventariado, 2019/BT | ||
| 999 |
_c15344 _d15344 |
||